000 00479nam a2200181Ia 4500
001 21336
005 20260306172911.0
008 260306t2022||||xx |||||||||||||| ||spa||
041 _aESP
082 _a344.528
_bD84
100 _aDivisión de Estudios Jurídicos de Gaceta Jurídica
_eAUT
245 0 _aLos delitos de corrupción en la jurisprudencia
260 _c2022
300 _a398 páginas :
_c25 cm.
650 _aGEN
654 _aCDE
942 _cLIB
_dJUS
_fJUS
_2ddc
_n
999 _c21336
_d21336